000 00758nam a22002297a 4500
003 OSt
005 20221019112806.0
008 220706s2010 ck ao||g |||| 001 0 spa d
020 _a9783625176404
040 _aCO-JMCR
_cCO-JMCR
041 1 _aspa
_hger
082 _a641.5029 /
_bC663c
_223
245 1 0 _aCocina rápida /
_ctraducción, Almudena Sasiain
260 _aBarcelona :
_bVemag,
_c[2010?]
300 _a112 páginas :
_bilustraciones y fotografías a color ;
_c25 cm.
505 0 _aCarnes rojas -- Aves -- Pescado -- Marisco -- Platos vegetarianos.
520 3 _aRecetas para comida rápida.
546 _aTraducido del alemán.
650 1 4 _aCocina
_xReceta
_942105
700 1 _aSasiain, Almudena,
_942106
_etraductora
942 _2ddc
_cBK
999 _c29512
_d15896